00478nam a2200169 a 4500001001300000003000900013005001700022008004100039020001000080082002000090245003900110260004700149300000900196500003500205650003500240710003300275nice12345678IN_TiNIC20260116013522.0080220s2000 naga grp 000 0 eng  ac15000a324.245408bNAT aTowards Democracy-Iii Saffron Sam. aNagpurbNational Council of Churchesc2000 a251p aincludes index and biblioraphy aReligious Fundamentalism-Hindu2 aNational Council of Churches